000 00432nam a2200169Ia 4500
008 260520s2025 xx 000 0 und d
020 _a978-93-5464-050-6
041 _aeng
082 _a6.31
100 _aMaheshwari, B U
245 _aIntroduction to Data Science
250 _a1st ed
260 _aDELHI
_bCENGAGE LEARNING INDIA PVT LTD
_c2025
300 _a557p.
500 _aCat No: 14995
650 _aCOMPUTER SICENCE
999 _c1221801
_d1221801